00861nam a2200229 a 450000100100000000500170001000800410002702000150006804000250008308200150010810000300012324500770015326000320023030000300026249000230029250000730031550400320038870000490042083000320046995201130050199900170061400004391920201002045037.0140508s1997 sp a 000 0 spa d a8437615216 aDO-SdBNPbspacBNPHU axxxxbxxxx1 aÁvila, Alejandro97182713aEl Doblaje /cAlejandro Ávila ; prólogo Joaquim Romaguera I Ramió. aMadrid :bCátedra,c1997. a167 p. :bil. ;c21 cm.v.1 aSigno e imagenv46 aIncluye referencias bibliográficas y notas al pie de las páginas aBibliografía : p. 157-16412aRomaguera I Ramió, Joaquimepról.948325 0aSigno e imagen ;n46971828 001050718MOaGRbGRcCTd2014-05-08iLF1l0oxxxx xxxxp43919-10r2020-06-25w2020-06-25y1ZNo se presta c43408d43408